01440nam a2200325 a 4500001001200000003000800012006001900020007001500039008004100054010001700095020001500112020001800127040002100145035002000166043001200186050002300198082001600221100002500237245017100262260004700433300002700480504006400507505016200571533015200733651004000885655002900925710001700954856012600971999001701097ebr10717707CaPaEBRm o u cr cn|||||||||040525s2003 enkb sb 001 0 eng d z 2004300045 z1860648460 z9781860648465 aCaPaEBRcCaPaEBR a(OCoLC)57352324 aa-af---14aDS361b.R36 2003eb04a958.1032211 aRasanayagam, Angelo.10aAfghanistanh[electronic resource] :ba modern history : monarchy, despotism or democracy? : the problems of governance in the Muslim tradition /cAngelo Rasanayagam. aLondon ;aNew York :bI.B. Tauris,cc2003. axviii, 301 p. :bmaps. aIncludes bibliographical references (p. 291-296) and index.0 apt. I. The building of the state -- pt. II. The descent into Civil War and anarchy -- pt. III. The disintegration of the state -- pt. IV. The rude awakening. aElectronic reproduction.bPalo Alto, Calif. :cebrary,d2013.nAvailable via World Wide Web.nAccess may be limited to ebrary affiliated libraries. 0aAfghanistanxHistoryy20th century. 7aElectronic books.2local2 aebrary, Inc.40uhttp://site.ebrary.com/lib/rucke/Doc?id=10717707zAn electronic book accessible through the World Wide Web; click to view c29102d29102